| 000 | 00503nam a22001577a 4500 | ||
|---|---|---|---|
| 008 | 161031b xxu||||| |||| 00| 0 eng d | ||
| 050 | _aJA26.J68 (1997 vol.75) | ||
| 245 |
_aPublic Administration: an international quarterly ./ _cedited by Steve Leach and Gerry Stoker. |
||
| 260 |
_aLondon : _bBlack pulishers, _c1997. |
||
| 300 |
_a787p.: _c24 cm. |
||
| 440 |
_pInternational quarterly. _vvol.75 |
||
| 500 | _aIncludes index. | ||
| 800 | _aLeach, Steve. | ||
| 800 | _aStoker, Gerry. | ||
| 942 |
_2lcc _cBK |
||
| 999 |
_c6069 _d13569 |
||